Το λαμπρό μέλλον της Αριστεράς
Αποθηκεύτηκε σε:
| Κύριος συγγραφέας: | |
|---|---|
| Μορφή: | Βιβλίο |
| Γλώσσα: | Greek French |
| Δημοσίευση: |
Αθήνα :
Πόλις,
c2004.
|
| Θέματα: | |
| Ετικέτες: |
Προσθήκη ετικέτας
Δεν υπάρχουν, Καταχωρήστε ετικέτα πρώτοι!
|
MARC
| LEADER | 00000cam a2200000 a 4500 | ||
|---|---|---|---|
| 001 | 1/124652 | ||
| 008 | 220406s2004####gr | ||| |||| ||gre|| | ||
| 020 | |a 9604350315 | ||
| 040 | |a GR-MyUa |b gre |c GR-MyUa |e AACR2 | ||
| 041 | 1 | |a gre |h fre | |
| 082 | 7 | |a 320.53 |2 (23) | |
| 100 | 1 | |a Weber, Henri. | |
| 245 | 1 | 3 | |a Το λαμπρό μέλλον της Αριστεράς / |c Henri Weber ; μετάφραση-επίμετρο Κώστας Μποτόπουλος. |
| 260 | |a Αθήνα : |b Πόλις, |c c2004. | ||
| 300 | |a 252 σ. ; |c 21 εκ. | ||
| 650 | 0 | |a Socialism | |
| 650 | 0 | |a Right and left (Political science) | |
| 852 | |a INST |b LESVOS |e 20220406 |h 320.53 WEB |p 005100063590 |q 005100063590 |t BK |y 0 | ||
| 970 | |a Καμάτσου |b Δέσποινα |z 06-04-2022 | ||